| 000 | 00352pab a2200145 454500 | ||
|---|---|---|---|
| 008 | 180718b2003 xxu||||| |||| 00| 0 eng d | ||
| 100 | _aJones, Christopher | ||
| 245 | _aQuality and productivity in Arab Islamic banking | ||
| 260 | _c2003 | ||
| 300 | _ap.8-12. | ||
| 362 | _aJan | ||
| 650 | _aBanks | ||
| 773 | _aManagement Services | ||
| 909 | _a58049 | ||
| 999 |
_c58049 _d58049 |
||